00487nam a2200157 4500003000900000005001700009008004100026020002900067040001300096082001800109100003000127245007900157250001200236260004800248650003300296SEACOMEC20240524110055.0240524b |||||||| |||| 00| 0 eng d a9780198097389cRs.385.00 aSEACOMEC a621.395bA428 aAllen, P. E. (Phillip E.)1 aCMOS Analog Circuit Designc P. E. (Phillip E.) Allen, Douglas R Holberg, a2nd ed. a New Delhi bOxford University Press c2006 a Linear integrated circuits